[Event "Tatry Open 2018"]
[Site "Tatranska Lomnica"]
[Date "2018.10.01"]
[Round "2"]
[White "Privara, Igor"]
[Black "Gettler, Daniel"]
[Result "1-0"]
[WhiteElo "2217"]
[BlackElo "2024"]
[Annotator "TA"]
[PlyCount "65"]
[EventDate "2018.09.30"]
[EventType "swiss"]
[EventCountry "SVK"]
[SourceTitle "playchess.com"]
[Source "ChessBase"]
[SourceQuality "1"]

{[%evp 14,65,57,60,163,10,17,20,10,18,16,-15,54,11,99,130,108,-13,-8,-8,-8,0,0,-8,207,207,206,223,211,201,193,185,170,150,174,164,342,288,370,377,379,118,345,337,353,332,447,418,386,71,729,814,1175,1186]} 1. e4 c5 2. c3 e6 3. d4 a6 4. Nf3 b5 5. Bd3 Bb7 6. O-O Nf6 7. Re1 d6 {[%cal Bd7d6,Bd6d5][%mdl 32] B28: Sicilian: 2 Nf3 a6 (O'Kelly Variation)} (7... Be7 8. a4 cxd4 9. cxd4 Nc6 10. Nc3 Nb4 11. Bf1 bxa4 12. Qxa4 O-O 13. Bg5 Bc6 14. Qa5 Nc2 15. Qxd8 Rfxd8 16. d5 Bb7 17. Rac1 Nxe1 18. Rxe1 h6 19. Bh4 Bb4 {0-1 (19) Miroshnichenko,E (2606)-Carlsen,M (2834) chess.com INT 2018}) 8. a4 {LiveBook: 4 Games} Qb6 $146 (8... b4 $14) ({Predecessor:} 8... c4 9. Bc2 Be7 10. axb5 axb5 11. Rxa8 Bxa8 12. Na3 Qd7 13. Nxb5 Nxe4 14. Bxe4 Bxe4 15. Nxd6+ Bxd6 16. Rxe4 {0-1 (41) Istratescu,A (2596)-Zapolskis,A (2294) London 2016}) 9. Qb3 $2 ({Better is} 9. d5 $18) 9... d5 $1 $11 {The position is equal.} 10. e5 Nfd7 {aiming for ...c4.} 11. Qd1 Nc6 12. Nbd2 cxd4 (12... b4 $11) 13. cxd4 Nxd4 (13... bxa4 $11 14. Qxa4 Nb4) 14. Nxd4 $16 Qxd4 15. Nf3 ({White has to play} 15. Nb3 $16 Qb6 16. Be3) 15... Qb6 $1 $11 16. axb5 axb5 17. Rxa8+ Bxa8 18. Ng5 $36 {[%mdl 2048] Black must now prevent Qf3. White is pushing.} Bc5 $2 (18... Bb4 $11 {and Black has nothing to worry.} 19. Bd2 Bxd2 20. Qxd2 h6) 19. Qf3 $18 Rf8 20. Nxh7 Rg8 21. Ng5 Rf8 22. Re2 Bd4 23. Bf4 Bb7 24. h3 Nc5 $2 (24... b4 {was worth a try.}) 25. Bh7 b4 26. Rd2 Nd7 {[#]} 27. Qg3 $2 (27. Nxf7 $1 $18 {[%mdl 512]} Kxf7 28. Bg5+ Nf6 29. Bxf6 (29. exf6 gxf6 30. Bf4 Ke7 $16)) 27... Qc5 $2 (27... Bc5 $16) 28. Nf3 Qc1+ 29. Kh2 Bxb2 30. Rc2 Qa1 31. Rc7 $2 (31. Qxg7 $18 {and the rest is easy.} Bc3 32. Bg8) 31... Qa6 $2 {[%mdl 8192]} (31... Qa7 $16) 32. Qxg7 Qb6 {[#]} 33. Rxd7 $1 {[%mdl 512] Precision: White = 39%, Black = 29%.} 1-0

[Event "Tatry Open 2018"]
[Site "Tatranska Lomnica"]
[Date "2018.10.01"]
[Round "2"]
[White "Parligras, Cosmin"]
[Black "Sejkora, Vlastimil"]
[Result "0-1"]
[WhiteElo "2203"]
[BlackElo "2111"]
[Annotator "TA"]
[PlyCount "58"]
[EventDate "2018.09.30"]
[EventType "swiss"]
[EventCountry "SVK"]
[SourceTitle "playchess.com"]
[Source "ChessBase"]
[SourceQuality "1"]

{[%evp 9,58,17,106,89,86,54,89,73,76,82,73,79,64,70,90,68,78,35,36,35,38,37,35,18,20,18,25,0,0,0,0,-1,81,-32,0,-29,-30,-36,-15,-48,-47,-91,-51,-73,-78,-162,-162,-162,-163,-273,-271]} 1. e4 c6 2. d4 d5 3. Nc3 dxe4 4. Nxe4 Bf5 5. Ng3 g6 {LiveBook: 7 Games} (5... Bg6 $1 $11) 6. c3 {B18: Classical Caro-Kann: 4...Bf5 sidelines} (6. Nxf5 gxf5 7. Nf3 Bh6 8. Bxh6 Nxh6 9. Qd2 Qd6 10. O-O-O Nd7 11. c4 Ng4 12. Bd3 e6 13. Kb1 O-O-O {1-0 (29) Kulaots,K (2574)-Kuzin,A (2409) Minsk 2015}) 6... e6 7. Nxf5 gxf5 8. Qb3 {White is better.} Qb6 $146 ({Predecessor:} 8... b6 9. Nf3 Bh6 10. Bxh6 Nxh6 11. O-O-O Ng4 12. Qc2 Nf6 13. Kb1 Nbd7 {1-0 (26) Kondziela,A (2056)-Helbig,A (1997) DESC email 2004}) 9. Nf3 Nd7 10. g3 Ngf6 11. Bg2 Be7 12. O-O h5 13. Bg5 Ne4 14. Bxe7 Qxb3 15. axb3 Kxe7 16. b4 a6 17. Rfe1 Nd6 18. Re2 Rag8 19. Rae1 f4 20. gxf4 Rg4 (20... Nf8 $11 21. Ng5 Ng6) 21. Ng5 ({Only move:} 21. Ne5 $16) 21... Nf8 22. Nh3 (22. f3 $5 {[%cal Rf3g4]} Rxf4 23. Bh3 $11) 22... Rhg8 23. f3 $1 {[%cal Rf3g4]} R4g7 24. f5 ({Don't play} 24. Ng5 Ng6 $17) 24... Nxf5 {[#] White must now prevent ...Nh4.} 25. Nf4 Nh4 {Hoping for ...Nxf3+.} 26. Kh1 Rg5 $36 {[%mdl 2048] Black is in control.} 27. Rf2 {[#]} (27. Rg1 $17 {keeps fighting.}) 27... Nfg6 $1 $19 {[%cal Rg6f4]} 28. Nxg6+ Nxg6 ({Reject} 28... R5xg6 $6 29. Bh3 $11) 29. Bf1 (29. Ree2 $142) 29... Nf4 {Precision: White = 26%, Black = 66%.} 0-1

[Event "Tatry Open 2018"]
[Site "Tatranska Lomnica"]
[Date "2018.10.01"]
[Round "2"]
[White "Zatko, Gregor"]
[Black "Hursky, Karel P"]
[Result "1/2-1/2"]
[WhiteElo "2194"]
[BlackElo "2051"]
[Annotator "TA"]
[PlyCount "72"]
[EventDate "2018.09.30"]
[EventType "swiss"]
[EventCountry "SVK"]
[SourceTitle "playchess.com"]
[Source "ChessBase"]
[SourceQuality "1"]

{[%evp 9,72,23,29,23,29,31,56,7,9,6,14,21,20,24,44,0,0,0,52,23,16,18,25,-101,-100,-106,-5,-40,-40,-42,-27,-22,-25,-41,0,0,0,0,0,0,0,0,0,0,0,0,0,0,4,0,29,-8,-11,-4,0,0,0,0,0,0,0,0,0,0,0]} 1. d4 e6 2. Bf4 d5 3. e3 Bd6 4. Bg3 a6 (4... Ne7 5. Nf3 c5 6. c3 Nbc6 7. Nbd2 Nf5 8. Bxd6 Qxd6 9. Bd3 Nfe7 10. O-O O-O 11. Re1 h6 12. e4 cxd4 {0-1 (37) Grischuk,A (2781)-Topalov,V (2798) Stavanger 2015}) 5. Nf3 Ne7 6. Nbd2 $146 {D00: Damenbauernspiele} ({Vorgänger:} 6. Bd3 b6 7. Ne5 Nbc6 8. f4 Nb4 9. Be2 c5 10. c3 Nbc6 11. Bd3 {0-1 (68) Borgo,G (2423)-Drazic,S (2463) Milan 2003}) 6... b6 7. Bd3 Bb7 8. Ne5 {Weiß steht etwas besser.} Nd7 9. Qh5 {[%csl Ge5][%cal Rh5f7] [#]} g6 10. Qh6 Ng8 {[%cal Be7g8,Bg8f6,Bf6e4][%mdl 32]} 11. Qh3 Ngf6 12. Ndf3 Ne4 13. Bf4 Qf6 ({Lieber} 13... Nxe5 $11 14. dxe5 Bf8) 14. Bxe4 dxe4 15. Nxd7 $1 Kxd7 16. Be5 {[#]} (16. Ne5+ $11 Ke8 17. O-O) 16... Qf5 $1 $17 17. Qxf5 gxf5 (17... exf5 $17 18. Ng5 Bxe5 19. dxe5 Ke7) 18. Ng5 Bxe5 $1 19. dxe5 h6 20. O-O-O+ (20. Nxf7 $2 Rh7 $17) 20... Ke7 21. Nh3 Rhd8 22. Nf4 f6 23. exf6+ Kxf6 24. Rxd8 Rxd8 25. Rd1 Rxd1+ 26. Kxd1 $11 {[%mdl 4096] Endspiel KL-KS} e5 27. Ne2 Bd5 28. Nc3 Bc6 29. Ke2 f4 30. f3 exf3+ {Die Stellung ist ausgeglichen.} 31. gxf3 fxe3 32. Kxe3 Kf5 33. Ne2 Kg5 34. Ng3 h5 35. Ne4+ Kf5 {Schwarz will ...Lxe4 spielen.} 36. Ng3+ Kg5 {Precision: Weiß = 56%, Schwarz = 60%.} 1/2-1/2

[Event "Tatry Open 2018"]
[Site "Tatranska Lomnica"]
[Date "2018.10.01"]
[Round "2"]
[White "Kostelny, Jozef"]
[Black "Ruzicka, Milan"]
[Result "1-0"]
[WhiteElo "2193"]
[BlackElo "2037"]
[Annotator "TA"]
[PlyCount "51"]
[EventDate "2018.09.30"]
[EventType "swiss"]
[EventCountry "SVK"]
[SourceTitle "playchess.com"]
[Source "ChessBase"]
[SourceQuality "1"]

{[%evp 21,51,37,31,-2,6,8,29,1,88,54,79,90,223,206,216,204,189,185,245,246,399,377,457,437,729,673,1220,1200,1204,1180,6237,5029]} 1. d4 d5 2. c4 e6 3. cxd5 exd5 4. Nc3 Nf6 5. Bg5 Be7 6. e3 O-O 7. Qc2 c6 8. Bd3 Nbd7 9. Nf3 h6 10. Bf4 Re8 11. h3 Nf8 {LiveBook: 17 Games} 12. g4 {D36: Queen's Gambit Declined: Exchange Variation: Main line (5 Bg5 c6 6 Qc2)} (12. O-O-O Bb4 13. Nd2 Bxc3 14. Qxc3 Ne4 15. Nxe4 dxe4 16. Bc2 Be6 17. g4 a5 18. Bb3 a4 19. Bxe6 Nxe6 {0-1 (52) Narciso Dublan,M (2540)-Bracker,F (2407) Llucmajor 2016}) 12... Ne6 13. Be5 Bd6 14. O-O-O {White has an edge.} b5 $146 (14... Bxe5 $11 15. Nxe5 Nc5) ({Predecessor:} 14... Bxe5 15. Nxe5 Bd7 16. h4 Kf8 17. g5 Ng8 18. f4 g6 19. h5 hxg5 20. hxg6 f6 21. Nf7 Qe7 22. Rh8 Nd8 23. Qh2 Nxf7 24. Rxg8+ {1-0 (24) Kalinitschew,S (2433)-Landt,S (1949) Berlin 2013}) 15. Rdg1 b4 {[#]} 16. Na4 $1 Bb7 (16... Ne4 $16) 17. g5 hxg5 {[#]} 18. Bxd6 $1 Qxd6 19. Nxg5 Nxg5 (19... Bc8 {was called for.} 20. Nxe6 Bxe6) 20. Rxg5 $18 c5 $2 (20... Kh8 21. Nc5 Re7) 21. Nxc5 Rac8 {If only Black now had time for ...Nd7....} 22. Rhg1 {White is clearly winning.} Ne4 (22... Qf8 $142 23. Kb1 Re7 24. Rxg7+ Qxg7) 23. Rxg7+ Kh8 24. f3 {[%cal Bf2f3,Bf3e4][%mdl 32]} Qh6 25. fxe4 Qxe3+ 26. Qd2 {Precision: White = 68%, Black = 15%.} 1-0

[Event "Tatry Open 2018"]
[Site "Tatranska Lomnica"]
[Date "2018.10.01"]
[Round "2"]
[White "Macko, Michal"]
[Black "Czajkowski, Ryszard"]
[Result "1/2-1/2"]
[WhiteElo "2187"]
[BlackElo "2032"]
[Annotator "ChessBase"]
[PlyCount "83"]
[EventDate "2018.09.30"]
[EventType "swiss"]
[EventCountry "SVK"]
[SourceTitle "playchess.com"]
[Source "ChessBase"]
[SourceQuality "1"]
[TimeControl "40/5400+30:1800+30"]

1. c4 {[%emt 0:00:00]} Nf6 {[%emt 0:00:00]} 2. g3 {[%emt 0:00:00]} d5 {[%emt 0:00:40]} 3. cxd5 {[%emt 0:00:00]} Nxd5 {[%emt 0:00:26]} 4. Bg2 {[%emt 0:00:00]} Nc6 {[%emt 0:14:03]} 5. Nf3 {[%emt 0:01:06]} g6 {[%emt 0:01:11]} 6. Nc3 {[%emt 0:00:23]} Nxc3 {[%emt 0:00:42]} 7. bxc3 {[%emt 0:00:05]} Bg7 {[%emt 0:00:07]} 8. Qb3 {[%emt 0:02:20]} O-O {[%emt 0:00:30]} 9. h4 {[%emt 0:00:31]} Rb8 {[%emt 0:07:56]} 10. h5 {[%emt 0:01:44]} e5 {[%emt 0:06:28]} 11. hxg6 {[%emt 0:04:48]} hxg6 {[%emt 0:00:03]} 12. d3 {[%emt 0:00:30]} Be6 {[%emt 0:01:06]} 13. Qc2 {[%emt 0:01:58]} Qd7 {[%emt 0:05:03]} 14. Ng5 {[%emt 0:11:53]} Rfe8 {[%emt 0:04:27]} 15. Ne4 {[%emt 0:03:31]} Bf5 {[%emt 0:06:28]} 16. Bg5 {[%emt 0:00:47]} Bxe4 {[%emt 0:04:50]} 17. Bxe4 {[%emt 0:00:06]} Nd8 {[%emt 0:02:36]} 18. Rb1 {[%emt 0:03:08]} Ne6 {[%emt 0:05:52]} 19. Be3 {[%emt 0:03:56]} b6 {[%emt 0:04:51]} 20. Qb3 {[%emt 0:00:37]} Nc5 {[%emt 0:02:01]} 21. Bxc5 {[%emt 0:02:14]} bxc5 {[%emt 0:00:01]} 22. Qxb8 {[%emt 0:00:07]} Rxb8 {[%emt 0:00:22]} 23. Rxb8+ {[%emt 0:00:04]} Bf8 {[%emt 0:00:14]} 24. O-O {[%emt 0:03:02]} Kg7 {[%emt 0:01:18]} 25. Ra8 {[%emt 0:01:03]} Qa4 {[%emt 0:01:08]} 26. Bd5 {[%emt 0:00:17]} e4 {[%emt 0:02:53]} 27. Bb3 {[%emt 0:05:19]} Qa6 {[%emt 0:00:27]} 28. Bc4 {[%emt 0:02:18]} Qa4 {[%emt 0:06:33]} 29. Rd8 {[%emt 0:01:59]} Bd6 {[%emt 0:00:35]} 30. Kg2 {[%emt 0:00:57]} Qc6 {[%emt 0:03:30]} 31. f3 {[%emt 0:02:39]} exd3 {[%emt 0:02:02]} 32. exd3 {[%emt 0:01:11]} Be7 {[%emt 0:02:49]} 33. Rb8 {[%emt 0:00:19]} Qf6 {[%emt 0:01:05]} 34. f4 {[%emt 0:06:24]} Qxc3 {[%emt 0:01:04]} 35. Rb7 {[%emt 0:00:51]} Bd6 {[%emt 0:01:11]} 36. Rxa7 {[%emt 0:00:19]} Qd2+ {[%emt 0:00:35]} 37. Rf2 {[%emt 0:02:44]} Qe3 {[%emt 0:00:02]} 38. Ra4 {[%emt 0:02:07]} g5 {[%emt 0:00:25]} 39. Bb5 {[%emt 0:05:08]} c4 {[%emt 0:03:17]} 40. Rxc4 {[%emt 0:02:30]} Qxd3 {[%emt 0:01:32]} 41. a4 {[%emt 0:30:41]} Qd5+ {[%emt 0:30:56]} 42. Kh2 {[%emt 0:01:15]} 1/2-1/2

[Event "Tatry Open 2018"]
[Site "Tatranska Lomnica"]
[Date "2018.10.01"]
[Round "2"]
[White "Cech, Dominik"]
[Black "Krnan, Tomas"]
[Result "0-1"]
[WhiteElo "2169"]
[BlackElo "2430"]
[Annotator "TA"]
[PlyCount "58"]
[EventDate "2018.09.30"]
[EventType "swiss"]
[EventCountry "SVK"]
[SourceTitle "playchess.com"]
[Source "ChessBase"]
[SourceQuality "1"]

{[%evp 26,58,-36,-36,-36,-35,6,-37,-25,-127,-131,-133,-136,-132,-129,-132,-137,-281,-276,-578,-545,-637,-437,-1393,-1380,-1640,-1624,-7216,-3589,-2750,-2300,-2581,-2246,-29992,-29993]} 1. e4 e5 2. Nf3 Nc6 3. Bb5 {[%cal Bf1b5,Bb5a4,Ba4b3][%mdl 32]} a6 4. Ba4 Nf6 5. O-O Be7 6. Re1 b5 7. Bb3 O-O 8. c3 d6 9. h3 Nb8 {[%cal Bc6b8,Bb8d7,Bd7c5][%mdl 32]} 10. d4 Nbd7 11. Nbd2 Bb7 12. d5 {C95: Closed Ruy Lopez: Breyer Variation with 10 d4} (12. Bc2 Re8 13. Nf1 Bf8 14. Ng3 g6 15. b3 c6 16. a4 Qc7 17. Bg5 Bg7 18. Qd2 Nf8 19. Bh6 Ne6 20. Bxg7 Kxg7 21. Rad1 Rad8 22. b4 Bc8 23. Bb3 Nf4 {1-0 (45) Duda,J (2737)-Karjakin,S (2773) chess.com INT 2018}) 12... c6 13. dxc6 Bxc6 14. Bc2 {LiveBook: 5 Games. Black is slightly better.} Nc5 15. b4 Ne6 (15... Na4 $5 {[%cal Ra4c3]} 16. Bb3 Rc8 $15) 16. Nf1 Qc7 17. N3h2 $146 (17. Ng5 $11 {remains equal.}) ({Predecessor:} 17. Ng3 g6 18. Bb3 Rfe8 {½-½ (49) Sareen,V (2367)-Sriram,J (2458) Calicut 2003}) 17... d5 $17 {[%cal Rf6e4]} 18. exd5 Nxd5 {[%cal Bf6d5,Bd5f4,Bf4h3][%mdl 32]} 19. Bd2 Rad8 {aiming for ...Ndf4.} 20. Qb1 g6 21. Ng4 (21. Nf3 $17) 21... Ndf4 $19 22. Nge3 $2 (22. Be4 {is tougher.}) 22... Qb7 23. f3 Bh4 24. g3 {[#]} (24. Ng4 $142 Bxe1 25. Qxe1) 24... Bxg3 $1 {[%mdl 512]} 25. Nxg3 Rxd2 26. Ne4 Nxh3+ 27. Kh1 Bxe4 28. Bxe4 Qe7 {[#] ( -> ...Qh4)} 29. Ng2 Nef4 {Precision: White = 22%, Black = 92%.} 0-1

[Event "Tatry Open 2018"]
[Site "Tatranska Lomnica"]
[Date "2018.10.01"]
[Round "2"]
[White "Havelka, Ondrej"]
[Black "Vojta, Tomas"]
[Result "0-1"]
[WhiteElo "2150"]
[BlackElo "2349"]
[Annotator "TA"]
[PlyCount "44"]
[EventDate "2018.09.30"]
[EventType "swiss"]
[EventCountry "SVK"]
[SourceTitle "playchess.com"]
[Source "ChessBase"]
[SourceQuality "1"]

{[%evp 21,44,0,0,0,17,0,2,-130,-139,-208,-184,-270,-156,-1254,-1252,-1238,-1177,-1205,-955,-1893,-1672,-29986,-29987,-6817,-1643]} 1. d4 d5 2. c4 Nc6 3. Nf3 Bg4 4. cxd5 Bxf3 5. gxf3 Qxd5 6. e3 e5 7. Nc3 Bb4 8. Bd2 Bxc3 9. bxc3 Qd6 10. f4 {D07: Queen's Gambit: Chigorin Defence} (10. Rb1 O-O-O 11. Qb3 b6 12. Qxf7 Kb8 13. Qc4 Qf6 14. Bg2 Nge7 15. f4 exf4 16. exf4 Na5 17. Qa6 Qe6+ 18. Be3 {½-½ (71) Hammer,J (2682)-Rapport,R (2693) Reykjavik 2015 CBM 170 [Krasenkow,M]}) 10... exf4 11. e4 Nge7 {[%cal Bg8e7,Be7g6,Bg6h4,Bh4f3][%mdl 32] LiveBook: 11 Games} 12. Rb1 {The position is equal.} O-O 13. Qf3 Ng6 14. Bh3 $146 (14. h4 $11 {remains equal.}) ({Predecessor:} 14. h4 Qa3 15. Bd3 Nge5 16. dxe5 Nxe5 17. Qe2 Rad8 {0-1 (30) Van Veelen,T (1933)-Op den Dries,J (2079) Dieren 2013}) 14... Qa3 $17 15. Bc1 (15. Bg4 $17) 15... Qxa2 $19 16. Rxb7 (16. Rb5 $142) 16... Qc4 (16... Qa6 $19 17. Rb2 (17. Rxc7 $2 Nge5 $17) 17... Nh4) 17. Rxc7 $2 {[#]} (17. Bf1 $17 Nxd4 18. Bxc4 Nxf3+ 19. Kd1) 17... Nh4 18. Qxf4 Qxc3+ 19. Kd1 Qb3+ 20. Kd2 Nf3+ 21. Ke2 Nfxd4+ 22. Ke1 Qxh3 {Precision: White =  7%, Black = 63%.} (22... Qd3 $142 23. Qd2 Nf3+ 24. Kd1 Nxd2) 0-1

[Event "Tatry Open 2018"]
[Site "Tatranska Lomnica"]
[Date "2018.10.01"]
[Round "2"]
[White "Weber, Samuel"]
[Black "Zylka, Stanislaw"]
[Result "1/2-1/2"]
[WhiteElo "2141"]
[BlackElo "2327"]
[Annotator "NA"]
[PlyCount "156"]
[EventDate "2018.09.30"]
[EventType "swiss"]
[EventCountry "SVK"]
[SourceTitle "playchess.com"]
[Source "ChessBase"]
[SourceQuality "1"]
[TimeControl "40/5400+30:1800+30"]

{[%evp 44,127,164,130,119,101,168,12,56,27,51,0,0,0,27,-6,0,0,67,42,35,0,0,-17,-9,-36,-37,-115,-35,-37,-12,-22,-7,-8,-15,-20,-11,-47,-39,-45,-32,-46,-50,-61,-43,-44,-42,-46,-42,-44,-58,-43,-43,-43,-65,-49,-44,-62,-43,-49,-43,-62,-43,-49,0,-43,-43,-49,-62,-43,-49,-43,0,-62,0,-43,-43,-52,-49,32767,32767,-48,-49,-43,-48,-49]} 1. Nf3 {[%emt 0:00:00]} d5 {[%emt 0:00:00]} 2. g3 {[%emt 0:01:07]} Nf6 {[%emt 0:00:01]} 3. Bg2 {[%emt 0:01:50]} g6 {[%emt 0:00:19]} 4. O-O {[%emt 0:01:10]} Bg7 {[%emt 0:00:07]} 5. d3 {[%emt 0:00:47]} O-O {[%emt 0:00:21]} 6. Nbd2 {[%emt 0:00:33]} Nc6 {[%emt 0:01:03]} 7. e4 {[%emt 0:02:16]} e5 {[%emt 0:01:03]} 8. c3 {[%emt 0:01:07]} Re8 {[%emt 0:01:12]} 9. Re1 {[%emt 0:02:41]} h6 {[%emt 0:01:14]} 10. a4 {[%emt 0:02:43]} a5 {[%emt 0:00:23]} 11. exd5 {[%emt 0:02:37]} Nxd5 {[%emt 0:00:39]} 12. Nc4 {[%emt 0:00:37]} Bf5 {[%emt 0:06:05]} 13. Nh4 $146 {[%emt 0:17:56] A07: Réti Opening: New York and Capablanca Systems} ({Predecessor:} 13. h3 Nb6 14. Nxb6 cxb6 15. Be3 Bxd3 16. Bxb6 Qxb6 17. Qxd3 Qxb2 18. Rab1 e4 19. Rxe4 Qxc3 20. Rxe8+ Rxe8 21. Qxc3 Bxc3 22. Rxb7 Ne5 23. Nxe5 Rxe5 24. Bf1 {½-½ (26) Kramnik,V (2783)-Anand,V (2797) Zuerich 2015}) 13... Be6 {[%emt 0:00:22]} 14. Be3 {[%emt 0:02:04]} Qd7 {[%emt 0:02:05]} 15. Qb3 {[%emt 0:04:10]} b6 {[%emt 0:06:03]} 16. Rad1 {[%emt 0:04:32]} Rad8 {[%emt 0:08:46]} 17. Nf3 {[%emt 0:04:39]} Nxe3 {[%emt 0:10:54]} 18. Rxe3 {[%emt 0:02:36]} Bd5 {[%emt 0:00:56]} 19. Qb5 {[%emt 0:02:25]} f6 {[%emt 0:02:21]} 20. d4 {[%emt 0:09:11]} e4 {[%emt 0:02:19]} 21. Nfd2 {[%emt 0:02:20]} f5 {[%emt 0:00:54]} 22. f3 {[%emt 0:04:00] [#]} Qc8 $2 {[%emt 0:33:39]} (22... Nxd4 $1 $11 {[%mdl 512] and Black has nothing to worry.} 23. Qxd7 (23. cxd4 Bc6) 23... Rxd7 24. cxd4 Bxd4 25. Nxe4 Bxe4 26. fxe4 Bxe3+ 27. Nxe3 Rxd1+ 28. Nxd1 fxe4) 23. fxe4 {[%emt 0:03:19]} Bxd4 {[%emt 0:01:11]} 24. exd5 {[%emt 0:03:33]} Rxe3 {[%emt 0:00:19] [#]} (24... Na7 $16 {was necessary.} 25. Qxe8+ Rxe8 26. cxd4 Rxe3 27. Nxe3 Qe8) 25. Nxe3 {[%emt 0:00:21]} ({White must play} 25. Kh1 $1 $16 Na7 26. Qb3) 25... Bxe3+ {[%emt 0:00:07]} 26. Kh1 {[%emt 0:01:06]} Ne5 {[%emt 0:01:09]} 27. Nc4 {[%emt 0:01:34]} Nxc4 {[%emt 0:00:22]} 28. Qxc4 {[%emt 0:00:02]} Kg7 {[%emt 0:07:07]} 29. Re1 {[%emt 0:01:35]} Bc5 {[%emt 0:00:34]} 30. b4 {[%emt 0:00:33]} axb4 {[%emt 0:00:09]} (30... Bd6 $11) 31. cxb4 {[%emt 0:00:02]} Bd6 {[%emt 0:00:15]} 32. Qd4+ {[%emt 0:00:39]} Kh7 {[%emt 0:00:22]} 33. Re6 {[%emt 0:04:22]} Qd7 {[%emt 0:01:31]} 34. b5 {[%emt 0:06:48]} Qg7 {[%emt 0:00:38]} 35. Qxg7+ $1 {[%emt 0:03:53]} Kxg7 {[%emt 0:00:07]} 36. Bf3 {[%emt 0:00:05]} Ra8 {[%emt 0:01:34]} 37. Bd1 {[%emt 0:00:46]} h5 {[%emt 0:00:20]} 38. Kg2 {[%emt 0:01:10]} Kf7 {[%emt 0:00:58]} 39. Bc2 {[%emt 0:01:54]} Re8 {[%emt 0:01:21]} 40. Rxe8 {[%emt 0:00:29]} Kxe8 {[%emt 0:00:05]} 41. Kf3 {[%emt 0:30:31]} Kf7 {[%emt 0:30:14]} 42. h3 {[%emt 0:00:23]} Kf6 {[%emt 0:00:08]} 43. Kg2 {[%emt 0:06:13]} Kg5 {[%emt 0:02:27]} 44. h4+ {[%emt 0:00:00]} Kf6 {[%emt 0:00:00]} 45. Kf3 {[%emt 0:00:00]} Ke5 {[%emt 0:00:00]} 46. Bb3 {[%emt 0:00:00]} Kd4 {[%emt 0:00:00]} 47. Bc2 {[%emt 0:00:00]} Kc3 {[%emt 0:00:00]} 48. Bd1 $1 {[%emt 0:00:00]} Kb2 {[%emt 0:00:00]} 49. Be2 {[%emt 0:00:00]} Kc2 {[%emt 0:00:00]} 50. Bc4 {[%emt 0:00:00]} Kd2 {[%emt 0:00:00]} 51. Bb3 {[%emt 0:00:00]} Kc1 {[%emt 0:00:00]} 52. Bc4 {[%emt 0:00:00]} Kc2 {[%emt 0:00:00]} 53. Be2 {[%emt 0:00:00]} Kc3 {[%emt 0:00:00]} 54. Bd1 {[%emt 0:00:00]} Kc4 {[%emt 0:00:00]} 55. Bc2 {[%emt 0:00:00]} Kd4 {[%emt 0:00:00]} 56. Bd1 {[%emt 0:00:00]} Kd3 {[%emt 0:00:00]} 57. Be2+ {[%emt 0:00:00]} Kc3 {[%emt 0:00:00]} 58. Bd1 {[%emt 0:00:00]} Kc4 {[%emt 0:00:00]} 59. Bc2 {[%emt 0:00:00]} Kxd5 {[%emt 0:00:00]} 60. Bb3+ {[%emt 0:00:00]} Ke5 {[%emt 0:00:00]} 61. Bf7 {[%emt 0:00:00]} Kf6 {[%emt 0:00:00]} 62. Be8 {[%emt 0:00:00]} Bb4 {[%emt 0:00:00]} 63. Bc6 {[%emt 0:00:00]} Bd2 {[%emt 0:00:00]} 64. Be8 $15 {[%emt 0:00:00]} f4 {[%emt 0:00:00]} 65. g4 {[%emt 0:00:00]} hxg4+ {[%emt 0:00:00]} 66. Kxg4 {[%emt 0:00:00]} Be1 {[%emt 0:00:00]} 67. h5 {[%emt 0:00:43]} gxh5+ {[%emt 0:00:00]} 68. Bxh5 {[%emt 0:00:17]} Ke5 {[%emt 0:00:00]} 69. Kf3 {[%emt 0:00:05]} Bb4 {[%emt 0:00:00]} 70. Be8 {[%emt 0:00:05]} Bd6 {[%emt 0:00:00]} 71. Bc6 {[%emt 0:00:11]} Kd4 {[%emt 0:00:00]} 72. Kg4 {[%emt 0:01:30]} Ke3 {[%emt 0:00:00]} 73. Bf3 {[%emt 0:00:43]} Kf2 {[%emt 0:00:00]} 74. Bc6 {[%emt 0:00:12]} Ke2 {[%emt 0:00:00]} 75. Bf3+ {[%emt 0:00:05]} Kd2 {[%emt 0:00:00]} 76. Bc6 {[%emt 0:00:18]} Kc3 {[%emt 0:00:00]} 77. Bf3 {[%emt 0:00:14]} Kb4 {[%emt 0:00:00]} 78. Bd1 {[%emt 0:00:23]} Ka3 {[%emt 0:00:15]} 1/2-1/2

[Event "Tatry Open 2018"]
[Site "Tatranska Lomnica"]
[Date "2018.10.01"]
[Round "2"]
[White "Kolesar, Milan"]
[Black "Malik, Jan"]
[Result "1/2-1/2"]
[WhiteElo "2133"]
[BlackElo "2300"]
[Annotator "ChessBase"]
[PlyCount "50"]
[EventDate "2018.09.30"]
[EventType "swiss"]
[EventCountry "SVK"]
[SourceTitle "playchess.com"]
[Source "ChessBase"]
[SourceQuality "1"]
[TimeControl "40/5400+30:1800+30"]

1. Nf3 {[%emt 0:00:00]} d5 {[%emt 0:00:00]} 2. d4 {[%emt 0:00:00]} Nf6 {[%emt 0:00:14]} 3. c4 {[%emt 0:00:00]} c6 {[%emt 0:00:20]} 4. cxd5 {[%emt 0:00:14]} cxd5 {[%emt 0:00:05]} 5. Nc3 {[%emt 0:00:08]} Nc6 {[%emt 0:00:07]} 6. Bf4 {[%emt 0:00:11]} a6 {[%emt 0:00:54]} 7. e3 {[%emt 0:00:10]} Bf5 {[%emt 0:00:14]} 8. Ne5 {[%emt 0:00:27]} Rc8 {[%emt 0:07:20]} 9. Qb3 {[%emt 0:09:17]} b5 {[%emt 0:15:33]} 10. Nxc6 {[%emt 0:24:41]} Rxc6 {[%emt 0:00:48]} 11. Be2 {[%emt 0:00:51]} Ne4 {[%emt 0:15:57]} 12. Bd3 {[%emt 0:28:38]} Qa5 {[%emt 0:14:57]} 13. Bxe4 {[%emt 0:00:50]} dxe4 {[%emt 0:02:44]} 14. O-O {[%emt 0:03:55]} e6 {[%emt 0:03:10]} 15. a3 {[%emt 0:07:04]} Be7 {[%emt 0:01:26]} 16. Rac1 {[%emt 0:02:52]} Rc4 {[%emt 0:03:16]} 17. Ne2 {[%emt 0:02:35]} Rxc1 {[%emt 0:00:23]} 18. Rxc1 {[%emt 0:00:16]} O-O {[%emt 0:00:11]} 19. h3 {[%emt 0:03:56]} Bg6 {[%emt 0:04:06]} 20. Ng3 {[%emt 0:01:21]} h5 {[%emt 0:02:03]} 21. Bc7 {[%emt 0:03:17]} Qa4 {[%emt 0:00:45]} 22. Qxa4 {[%emt 0:00:09]} bxa4 {[%emt 0:00:07]} 23. Ne2 {[%emt 0:01:59]} f6 {[%emt 0:01:56]} 24. Bg3 {[%emt 0:01:45]} Be8 {[%emt 0:07:10]} 25. Rc7 {[%emt 0:01:49]} Bd8 {[%emt 0:03:54]} 1/2-1/2